Giáo trình kinh tế xây dựng
Giáo trình dành cho môn Kinh tế xây dựng, về những khái niệm cơ bản và những vấn đề kinh tế trong ngành Xây dựng.
Spremljeno u:
| Glavni autor: | |
|---|---|
| Format: | Knjiga |
| Jezik: | Undetermined |
| Izdano: |
Hà Nội
Xây dựng
2010
|
| Teme: | |
| Oznake: |
Dodaj oznaku
Bez oznaka, Budi prvi tko označuje ovaj zapis!
|
| Thư viện lưu trữ: | Trung tâm Học liệu Trường Đại học Cần Thơ |
|---|
| LEADER | 00929nam a2200217Ia 4500 | ||
|---|---|---|---|
| 001 | CTU_168447 | ||
| 008 | 210402s9999 xx 000 0 und d | ||
| 020 | |c 75000 | ||
| 082 | |a 624.068 | ||
| 082 | |b H513 | ||
| 100 | |a Bùi, Mạnh Hùng | ||
| 245 | 0 | |a Giáo trình kinh tế xây dựng | |
| 245 | 0 | |c Bùi Mạnh Hùng (chủ biên), Nguyễn Tuyết Dung, Nguyễn Thị Mai | |
| 260 | |a Hà Nội | ||
| 260 | |b Xây dựng | ||
| 260 | |c 2010 | ||
| 520 | |a Giáo trình dành cho môn Kinh tế xây dựng, về những khái niệm cơ bản và những vấn đề kinh tế trong ngành Xây dựng. | ||
| 650 | |a Construction industry,Construction industry,Ngành xây dựng,Ngành xây dựng | ||
| 650 | |x Estimate,Management,Ước tính,Quản lý | ||
| 904 | |i Phú, Bạch Trúc | ||
| 980 | |a Trung tâm Học liệu Trường Đại học Cần Thơ | ||